Podnikové hospodárstvo - predmet aplikácie v cvičnej firme

Podnikové hospodárstvo patrí do systému podnikovohospodárskych náuk a je súčasne východiskovým predmetom pre zvládnutie týchto náuk. Vzhľadom na prístup ku skúmaniu je potrebné ho odlíšiť od mikroekonómie. Podnikové hospodárstvo poskytuje najväčšiu škálu možností nácviku rôznych situácií v podniku...

Descrizione completa

Salvato in:
Dettagli Bibliografici
Autore principale: Neumannová, Anna
Natura: Capitolo di libro
Lingua:slovacco
Soggetti:
Tags: Aggiungi Tag
Nessun Tag, puoi essere il primo ad aggiungerne!!

MARC

LEADER 00000nla$a2200000$$$4500
001 0101740
005 20240502072117.1
041 0 |a slo 
044 |a SK 
245 1 0 |a Podnikové hospodárstvo - predmet aplikácie v cvičnej firme  |c Anna Neumannová 
520 |a Podnikové hospodárstvo patrí do systému podnikovohospodárskych náuk a je súčasne východiskovým predmetom pre zvládnutie týchto náuk. Vzhľadom na prístup ku skúmaniu je potrebné ho odlíšiť od mikroekonómie. Podnikové hospodárstvo poskytuje najväčšiu škálu možností nácviku rôznych situácií v podniku a udalostí zo života podniku v rámci predmetu Cvičná firma. Jednou z takýchto situácií je aj vznik krízy v podniku. Cieľom príspevku je preto poukázať na príčiny vzniku krízy, ale aj možnosti jej riešenia. Východiskom pre komplexné pochopenie problému je prípadová štúdia, v ktorej je popísaná modelová situácia podniku v kríze. 
610 2 0 |a hospodárstvo podnikové 
610 2 0 |a podnik 
610 2 0 |a kríza podniku 
610 2 0 |a štúdie prípadové 
100 1 |a Neumannová, Anna